| 000 | 01315cam a2200349 a 4500 | ||
|---|---|---|---|
| 999 |
_c1111 _d1111 |
||
| 001 | 16534911 | ||
| 003 | GZU | ||
| 005 | 20200924100650.0 | ||
| 008 | 101105s2011 mdua b 001 0 eng | ||
| 010 | _a 2010047454 | ||
| 020 | _a9780759112414 (cloth : alk. paper) | ||
| 020 | _a075911241X (cloth : alk. paper) | ||
| 020 | _a9780759112421 (pbk. : alk. paper) | ||
| 020 | _a0759112428 (pbk. : alk. paper) | ||
| 020 | _a9780759112438 (electronic) | ||
| 020 | _a0759112436 (electronic) | ||
| 035 | _a(OCoLC)ocn681481569 | ||
| 040 |
_aDLC _cDLC _dYDX _dBTCTA _dYDXCP _dBWX _dCDX _dBDX _dRCJ _dDLC |
||
| 042 | _apcc | ||
| 050 | 0 | 0 |
_aGN345 _b.B36 2011 |
| 082 | 0 | 0 |
_a301.072/1 _222 |
| 100 | 1 |
_aBernard, H. Russell _q(Harvey Russell), _d1940- |
|
| 245 | 1 | 0 |
_aResearch methods in anthropology : _bqualitative and quantitative approaches / _cH. Russell Bernard. |
| 250 | _a5th ed. | ||
| 260 |
_aLanham, Md. : _bAltaMira Press, _cc2011. |
||
| 300 |
_axiii, 666 p. : _bill. ; _c26 cm. |
||
| 504 | _aIncludes bibliographical references and indexes. | ||
| 650 | 0 |
_aEthnology _xMethodology. |
|
| 906 |
_a7 _bcbc _corignew _d1 _eecip _f20 _gy-gencatlg |
||
| 942 |
_2lcc _cBK _e5th ed. _h345 _iBER _kGN _m2011 |
||